|
|
|
|
| LEADER |
00000nab a2200000 a 4500 |
| 001 |
vtls010713756 |
| 003 |
SK-MaSNL |
| 005 |
20260304194801.0 |
| 008 |
250709s2006 xo |||||||||||||||||slo| |
| 035 |
|
|
|a (urnnbn)urn:nbn:sk:snk:ar-a04b31
|
| 035 |
|
|
|a (uuid)58595805-151f-424f-91cc-e2b15e11082a
|
| 035 |
|
|
|a urn:nbn:sk:snk-ab3gdk
|
| 040 |
|
|
|a SNKBUCL
|b slo
|c SNKBUCL
|e AACR2
|
| 041 |
0 |
|
|a eng
|
| 044 |
|
|
|a xo
|c SK
|
| 100 |
1 |
|
|a Vrláková, Janka
|4 aut
|9 48567
|
| 245 |
1 |
0 |
|a CENTRAL COLLISIONS OF 208Pb WITH Ag(Br) NUCLEI AT 158 A GeV/c
|c J. Vrláková, S. Vokál, A. Dirner
|
| 700 |
1 |
|
|a Vokál, Stanislav,
|d 1950-
|4 aut
|9 221425
|
| 700 |
1 |
|
|a Dirner, A.
|4 aut
|9 787198
|
| 773 |
0 |
|
|t Acta Physica Slovaca : fyzikálny časopis
|g Roč. 56, č. 2 (2006), s. 83-86
|
| 850 |
|
|
|a Slovenská národná knižnica
|
| 852 |
|
|
|a Slovenská národná knižnica
|
| 958 |
|
|
|a article1
|
| 958 |
|
|
|a OND
|
| 958 |
|
|
|a EUIPO
|
| 999 |
|
|
|c 3076751
|d 3078681
|